<?xml version="1.0" encoding="UTF-8"?><?xml-stylesheet type="text/xsl" href="static/style.xsl"?><OAI-PMH xmlns="http://www.openarchives.org/OAI/2.0/" xmlns:xsi="http://www.w3.org/2001/XMLSchema-instance" xsi:schemaLocation="http://www.openarchives.org/OAI/2.0/ http://www.openarchives.org/OAI/2.0/OAI-PMH.xsd"><responseDate>2026-04-17T17:08:15Z</responseDate><request verb="GetRecord" identifier="oai:www.recercat.cat:2072/415677" metadataPrefix="marc">https://recercat.cat/oai/request</request><GetRecord><record><header><identifier>oai:recercat.cat:2072/415677</identifier><datestamp>2024-10-31T01:00:22Z</datestamp><setSpec>com_2072_98</setSpec><setSpec>col_2072_378192</setSpec></header><metadata><record xmlns="http://www.loc.gov/MARC21/slim" xmlns:dcterms="http://purl.org/dc/terms/" xmlns:xsi="http://www.w3.org/2001/XMLSchema-instance" xmlns:doc="http://www.lyncode.com/xoai" xsi:schemaLocation="http://www.loc.gov/MARC21/slim http://www.loc.gov/standards/marcxml/schema/MARC21slim.xsd">
   <leader>00925njm 22002777a 4500</leader>
   <datafield ind2=" " ind1=" " tag="042">
      <subfield code="a">dc</subfield>
   </datafield>
   <datafield ind2=" " ind1=" " tag="720">
      <subfield code="a">MacInnes, John</subfield>
      <subfield code="e">author</subfield>
   </datafield>
   <datafield ind2=" " ind1=" " tag="260">
      <subfield code="c">2005</subfield>
   </datafield>
   <datafield ind2=" " ind1=" " tag="520">
      <subfield code="a">El debate sobre la conciliación de la vida laboral y familiar ha adquirido importancia en muy poco tiempo, tanto en España como en el resto de Europa. Por eso, la discusión está plagada de ideas poco desarrolladas o incluso engañosas. Aveces estas ideas parecen tener que ver más con las aspiraciones o convicciones de los interlocutores sociales que con los datos empíricos sociales o económicos. A través de la discusión de diez «mitos» (en sentido sociológico) frecuentes en este debate, se intenta analizar en más profundidad qué podría constituir la conciliación de la vida laboral y familiar, y también, cuáles serían los principales obstáculos que dificultan dicha conciliación. Finalmente, se hace una reflexión sobre lo que podemos aprender de estos diez mitos.</subfield>
   </datafield>
   <datafield ind2=" " ind1=" " tag="520">
      <subfield code="a">The debate over work-life balance has come to prominence quite suddenly both in Spain and elsewhere in Europe. Because of this the discussion has often been plagued by ideas that are ill thought out or even misleading. At times these ideas seem to have more to do with the beliefs and aspirations of the social partners than with the empirical social or economic evidence. Through discussing ten «myths» (in the sociological sense of the term) which frequently arise in the course of this debate, I try to analyse in greater depth what the conciliation of work and family life might comprise, and what are the major difficulties confronting such a conciliation. Finally I reflect on what we might learn form these ten myths.</subfield>
   </datafield>
   <datafield tag="653" ind2=" " ind1=" ">
      <subfield code="a">Trabajo</subfield>
   </datafield>
   <datafield tag="653" ind2=" " ind1=" ">
      <subfield code="a">Familia</subfield>
   </datafield>
   <datafield tag="653" ind2=" " ind1=" ">
      <subfield code="a">Fecundidad</subfield>
   </datafield>
   <datafield tag="653" ind2=" " ind1=" ">
      <subfield code="a">Empleo femenino</subfield>
   </datafield>
   <datafield tag="653" ind2=" " ind1=" ">
      <subfield code="a">Estado de bienestar</subfield>
   </datafield>
   <datafield tag="653" ind2=" " ind1=" ">
      <subfield code="a">Work</subfield>
   </datafield>
   <datafield tag="653" ind2=" " ind1=" ">
      <subfield code="a">Family</subfield>
   </datafield>
   <datafield tag="653" ind2=" " ind1=" ">
      <subfield code="a">Fertility</subfield>
   </datafield>
   <datafield tag="653" ind2=" " ind1=" ">
      <subfield code="a">Female employment</subfield>
   </datafield>
   <datafield tag="653" ind2=" " ind1=" ">
      <subfield code="a">Welfare state</subfield>
   </datafield>
   <datafield ind2="0" ind1="0" tag="245">
      <subfield code="a">Diez mitos sobre la conciliación de la vida laboral y familiar</subfield>
   </datafield>
</record></metadata></record></GetRecord></OAI-PMH>